ការវីភាគផល អនុផលព្រៃឈើដែលប្រជាជននៅក្នុងភូមិស្នំប្រាំពីរប្រមូលបានពីឧទ្យានជាតិបូកគោ ( analysis of timber and non-timber forest products collected by villagers in snamprampi from bokor national park) (Record no. 345)
[ view plain ]
| 000 -LEADER | |
|---|---|
| fixed length control field | 00715nam a22001577a 4500 |
| 003 - CONTROL NUMBER IDENTIFIER | |
| control field | OSt |
| 005 - DATE AND TIME OF LATEST TRANSACTION | |
| control field | 20150913095003.0 |
| 008 - FIXED-LENGTH DATA ELEMENTS--GENERAL INFORMATION | |
| fixed length control field | 150913b xxu||||| |||| 00| 0 eng d |
| 040 ## - CATALOGING SOURCE | |
| Transcribing agency | RUA |
| 082 ## - DEWEY DECIMAL CLASSIFICATION NUMBER | |
| Classification number | AGR TEK 1998 B020 Or.1 |
| 100 ## - MAIN ENTRY--PERSONAL NAME | |
| 9 (RLIN) | 365 |
| Personal name | TEK, TOP. |
| 245 ## - TITLE STATEMENT | |
| Title | ការវីភាគផល អនុផលព្រៃឈើដែលប្រជាជននៅក្នុងភូមិស្នំប្រាំពីរប្រមូលបានពីឧទ្យានជាតិបូកគោ ( analysis of timber and non-timber forest products collected by villagers in snamprampi from bokor national park) |
| 260 ## - PUBLICATION, DISTRIBUTION, ETC. (IMPRINT) | |
| Place of publication, distribution, etc. | Phnom Penh |
| Name of publisher, distributor, etc. | RUA |
| Date of publication, distribution, etc. | 1998 |
| 300 ## - PHYSICAL DESCRIPTION | |
| Extent | 61p. |
| Other physical details | ill. |
| Dimensions | 29cm. |
| 942 ## - ADDED ENTRY ELEMENTS (KOHA) | |
| Source of classification or shelving scheme | |
| Koha item type | AGR |
No items available.